<?xml version="1.0" encoding="UTF-8"?>
<record
    xmlns:xsi="http://www.w3.org/2001/XMLSchema-instance"
    xsi:schemaLocation="http://www.loc.gov/MARC21/slim http://www.loc.gov/standards/marcxml/schema/MARC21slim.xsd"
    xmlns="http://www.loc.gov/MARC21/slim">

  <leader>04930njm a2200649Ia 4500</leader>
  <controlfield tag="001">C6534</controlfield>
  <controlfield tag="003">IT-RoPAU</controlfield>
  <controlfield tag="005">20220918181115.0</controlfield>
  <controlfield tag="008">131025s9999    xx            000 0 und d</controlfield>
  <datafield tag="040" ind1=" " ind2=" ">
    <subfield code="a">IT-RoPAU</subfield>
  </datafield>
  <datafield tag="040" ind1=" " ind2=" ">
    <subfield code="c">IT-RoPAU</subfield>
  </datafield>
  <datafield tag="999" ind1=" " ind2=" ">
    <subfield code="c">99314</subfield>
    <subfield code="d">99314</subfield>
  </datafield>
  <datafield tag="999" ind1=" " ind2=" ">
    <subfield code="b">n.d.</subfield>
  </datafield>
  <datafield tag="100" ind1=" " ind2=" ">
    <subfield code="a">AA.VV.</subfield>
    <subfield code="9">794</subfield>
  </datafield>
  <datafield tag="100" ind1=" " ind2=" ">
    <subfield code="e">Autore musica</subfield>
    <subfield code="9">30197</subfield>
  </datafield>
  <datafield tag="100" ind1=" " ind2=" ">
    <subfield code="g">Codice autore musica SPICS: 12000</subfield>
    <subfield code="9">796</subfield>
  </datafield>
  <datafield tag="245" ind1=" " ind2=" ">
    <subfield code="a">Ecm Story</subfield>
  </datafield>
  <datafield tag="250" ind1=" " ind2=" ">
    <subfield code="a">2a ed.</subfield>
  </datafield>
  <datafield tag="260" ind1=" " ind2=" ">
    <subfield code="a">MILANO</subfield>
  </datafield>
  <datafield tag="260" ind1=" " ind2=" ">
    <subfield code="b">RUSCONI</subfield>
    <subfield code="c">1994 [1a Ed.:0]</subfield>
  </datafield>
  <datafield tag="300" ind1=" " ind2=" ">
    <subfield code="a">COMPACT DISC</subfield>
  </datafield>
  <datafield tag="300" ind1=" " ind2=" ">
    <subfield code="c">75 minuti (Testo: 0 pag.)</subfield>
  </datafield>
  <datafield tag="500" ind1=" " ind2=" ">
    <subfield code="a">Musica jazz. Compact fuori commercio allegato al n. 10 1994 della rivista "Musica jazz".</subfield>
  </datafield>
  <datafield tag="505" ind1=" " ind2=" ">
    <subfield code="a">Started [(Oslo, 11 settembre 1972) (Bley Paul) (6:00)] - Fountain of Tears, Parts 1 &amp; 2 [(Oslo, 14 o 15 aprile 1971) (Garbarek Jan) (7:00)] - Ballad For Tillie [(Ludwigsburg, 11,12 o 13 gennaio 1971) (Corea Chick) (6:00)] - Mevlevia [(Ludwigsburg, 23 o 24 luglio 1974) (Burton Gary) (7:00)] - Encore "A" [(Theater Am Kornmarkt, maggio 1976) (Burton Gary) (6:00)] - 3/4 In the Afternoon [(Oslo, luglio 1977) (Wheeler Kenny) (6:00)] - Old Time Southside Street Dance [(New York, gennaio 1980) (The Art Ensemble of Chicago) (6:00)] - Walking On Eggs [(Ludwigsburg, maggio 1980) (Codona) (3:00)] - Ahmad the Terrible [(New York, giugno 1984) (Dejohnette Jack) (7:00)] - Conception Vessel [(Ludwigsburg, luglio 1984) (Motian Paul) (5:00)] - Wights Waits For Weights [(Ludwigsburg, febbraio 1987) (Holland Dave) (6:00)] - Haunted Heart [(Boston, 21 aprile 1988) (Abercrombie John) (6:00)] - Hop! [(Oslo, settembre 1993) (Sclavis-Pifarely Acoustic Quartet) (6:00)] - Rame Head [(Oslo, aprile 1990) (Surman John) (5:00)]</subfield>
  </datafield>
  <datafield tag="511" ind1=" " ind2=" ">
    <subfield code="a">Bley Paul: p</subfield>
  </datafield>
  <datafield tag="511" ind1=" " ind2=" ">
    <subfield code="a">Garbarek Jan: fl, ten; Stenson Bobo: p, p el; Rypdal Terje: chit; Andersen Arild: cb; Christensen Jon: perc</subfield>
  </datafield>
  <datafield tag="511" ind1=" " ind2=" ">
    <subfield code="a">Corea Chick: p; Holland Dave: cb; Altschul Barry: perc</subfield>
  </datafield>
  <datafield tag="511" ind1=" " ind2=" ">
    <subfield code="a">Burton Gary: vib; Goodrick Mick: chit; Metheny Pat: chit; Swallow Steve: b, el; Weber Eberhard: cb; Moses Bob: perc</subfield>
  </datafield>
  <datafield tag="511" ind1=" " ind2=" ">
    <subfield code="a">Redman Dewey: ten; Jarrett Keith: p; Haden Charlie: cb; Motian Paul: batt</subfield>
  </datafield>
  <datafield tag="511" ind1=" " ind2=" ">
    <subfield code="a">Wheeler Kenny: flic; Garbarek Jan: sop; Abercrombie John: chit; Towner Ralph: chit; Holland Dave: cb; Dejohnette Jack: batt</subfield>
  </datafield>
  <datafield tag="511" ind1=" " ind2=" ">
    <subfield code="a">Bowie Lester: tr;. Mitchell Roscoe: alto; Jarman Joseph: sopranino, sop; Favors Malachi: cb; Moye Don: perc</subfield>
  </datafield>
  <datafield tag="511" ind1=" " ind2=" ">
    <subfield code="a">Cherry Don: tr; Walcott Collin; Sitarvasconcelos Nana: talking drum</subfield>
  </datafield>
  <datafield tag="511" ind1=" " ind2=" ">
    <subfield code="a">Purcell John: sop; Murray David: ten; Dejohnette Jack: p, batt; Johnson Howard: tuba; Reid Rufus: cb; Jack Dejohnette's Special Edition</subfield>
  </datafield>
  <datafield tag="511" ind1=" " ind2=" ">
    <subfield code="a">Lovano Joe: ten; Frisell Bill: chit; Motian Paul: batt; Paul Motian Trio</subfield>
  </datafield>
  <datafield tag="511" ind1=" " ind2=" ">
    <subfield code="a">Wheeler Kenny: tr; Eubanks Robin: trne; Coleman Steve: alto; Holland Dave: cb; Smith Marvin: batt</subfield>
  </datafield>
  <datafield tag="511" ind1=" " ind2=" ">
    <subfield code="a">Abercrombie John: chit; Johnson Marc: cb; Erskine Peter: batt</subfield>
  </datafield>
  <datafield tag="511" ind1=" " ind2=" ">
    <subfield code="a">Sclavis Louis: cl, b; Pifarely Dominique: viol; Ducret Marc: chit; Chevillon Bruno: cb; Sclavis-Pifarely Acoustic Quartet</subfield>
  </datafield>
  <datafield tag="511" ind1=" " ind2=" ">
    <subfield code="a">Surman John: cop, bar, cl, b</subfield>
  </datafield>
  <datafield tag="650" ind1=" " ind2=" ">
    <subfield code="a">JAZZ [COMPACT DISC]</subfield>
    <subfield code="e">Codice MATERIA SPICS: 9949</subfield>
    <subfield code="9">11822</subfield>
  </datafield>
  <datafield tag="700" ind1=" " ind2=" ">
    <subfield code="a">Bley Paul</subfield>
    <subfield code="d">Codice autore musica SPICS: 16208</subfield>
    <subfield code="e">Autore musica</subfield>
    <subfield code="p">Started</subfield>
    <subfield code="9">30198</subfield>
  </datafield>
  <datafield tag="700" ind1=" " ind2=" ">
    <subfield code="a">Garbarek Jan</subfield>
    <subfield code="d">Codice autore musica SPICS: 42314</subfield>
    <subfield code="e">Autore musica</subfield>
    <subfield code="p">Fountain of Tears, Parts 1 &amp; 2</subfield>
    <subfield code="9">30199</subfield>
  </datafield>
  <datafield tag="700" ind1=" " ind2=" ">
    <subfield code="a">Corea Chick</subfield>
    <subfield code="d">Codice autore musica SPICS: 11602</subfield>
    <subfield code="e">Autore musica</subfield>
    <subfield code="p">Ballad For Tillie</subfield>
    <subfield code="9">30200</subfield>
  </datafield>
  <datafield tag="700" ind1=" " ind2=" ">
    <subfield code="a">Holland</subfield>
    <subfield code="d">Codice autore SPICS: 27019</subfield>
    <subfield code="e">Autore</subfield>
    <subfield code="p">Ballad For Tillie</subfield>
    <subfield code="9">30201</subfield>
  </datafield>
  <datafield tag="700" ind1=" " ind2=" ">
    <subfield code="a">Altschul</subfield>
    <subfield code="d">Codice autore testo/musica SPICS: 42315</subfield>
    <subfield code="e">Autore testo/musica</subfield>
    <subfield code="p">Ballad For Tillie</subfield>
    <subfield code="9">30202</subfield>
  </datafield>
  <datafield tag="700" ind1=" " ind2=" ">
    <subfield code="a">Goodrick Mick</subfield>
    <subfield code="d">Codice autore musica SPICS: 42291</subfield>
    <subfield code="e">Autore musica</subfield>
    <subfield code="p">Mevlevia</subfield>
    <subfield code="9">30203</subfield>
  </datafield>
  <datafield tag="700" ind1=" " ind2=" ">
    <subfield code="a">Jarrett Keith</subfield>
    <subfield code="d">Codice autore musica SPICS: 11614</subfield>
    <subfield code="e">Autore musica</subfield>
    <subfield code="p">Encore "A"</subfield>
    <subfield code="9">30204</subfield>
  </datafield>
  <datafield tag="700" ind1=" " ind2=" ">
    <subfield code="a">Wheeler Kenny</subfield>
    <subfield code="d">Codice autore musica SPICS: 42317</subfield>
    <subfield code="e">Autore musica</subfield>
    <subfield code="p">3/4 In the Afternoon</subfield>
    <subfield code="9">30205</subfield>
  </datafield>
  <datafield tag="700" ind1=" " ind2=" ">
    <subfield code="a">Jarman Joseph</subfield>
    <subfield code="d">Codice autore musica SPICS: 30978</subfield>
    <subfield code="e">Autore musica</subfield>
    <subfield code="p">Old Time Southside Street Dance</subfield>
    <subfield code="9">30206</subfield>
  </datafield>
  <datafield tag="700" ind1=" " ind2=" ">
    <subfield code="a">Walcott Collin</subfield>
    <subfield code="d">Codice autore musica SPICS: 42318</subfield>
    <subfield code="e">Autore musica</subfield>
    <subfield code="p">Walking On Eggs</subfield>
    <subfield code="9">30207</subfield>
  </datafield>
  <datafield tag="700" ind1=" " ind2=" ">
    <subfield code="a">Dejohnette Jack</subfield>
    <subfield code="d">Codice autore musica SPICS: 42319</subfield>
    <subfield code="e">Autore musica</subfield>
    <subfield code="p">Ahmad the Terrible</subfield>
    <subfield code="9">30208</subfield>
  </datafield>
  <datafield tag="700" ind1=" " ind2=" ">
    <subfield code="a">Motian Paul</subfield>
    <subfield code="d">Codice autore musica SPICS: 42320</subfield>
    <subfield code="e">Autore musica</subfield>
    <subfield code="p">Conception Vessel</subfield>
    <subfield code="9">30209</subfield>
  </datafield>
  <datafield tag="700" ind1=" " ind2=" ">
    <subfield code="a">Coleman</subfield>
    <subfield code="d">Codice autore musica SPICS: 24593</subfield>
    <subfield code="e">Autore musica</subfield>
    <subfield code="p">Wights Waits For Weights</subfield>
    <subfield code="9">30210</subfield>
  </datafield>
  <datafield tag="700" ind1=" " ind2=" ">
    <subfield code="a">Dietz H.</subfield>
    <subfield code="d">Codice autore musica SPICS: 15554</subfield>
    <subfield code="e">Autore musica</subfield>
    <subfield code="p">Haunted Heart</subfield>
    <subfield code="9">30211</subfield>
  </datafield>
  <datafield tag="700" ind1=" " ind2=" ">
    <subfield code="a">Schwartz A.</subfield>
    <subfield code="d">Codice autore SPICS: 15555</subfield>
    <subfield code="e">Autore</subfield>
    <subfield code="p">Haunted Heart</subfield>
    <subfield code="9">30212</subfield>
  </datafield>
  <datafield tag="700" ind1=" " ind2=" ">
    <subfield code="a">Pifarely Dominique</subfield>
    <subfield code="d">Codice autore musica SPICS: 42323</subfield>
    <subfield code="e">Autore musica</subfield>
    <subfield code="p">Hop!</subfield>
    <subfield code="9">30213</subfield>
  </datafield>
  <datafield tag="700" ind1=" " ind2=" ">
    <subfield code="a">Surman John</subfield>
    <subfield code="d">Codice autore musica SPICS: 42324</subfield>
    <subfield code="e">Autore musica</subfield>
    <subfield code="p">Rame Head</subfield>
    <subfield code="9">30214</subfield>
  </datafield>
  <datafield tag="942" ind1=" " ind2=" ">
    <subfield code="c">CD</subfield>
    <subfield code="2">ddc</subfield>
  </datafield>
  <datafield tag="952" ind1=" " ind2=" ">
    <subfield code="0">0</subfield>
    <subfield code="1">0</subfield>
    <subfield code="4">0</subfield>
    <subfield code="6">C_6534_000000000000000</subfield>
    <subfield code="7">1</subfield>
    <subfield code="a">SPICS</subfield>
    <subfield code="b">SPICS</subfield>
    <subfield code="d">2013-10-25</subfield>
    <subfield code="l">0</subfield>
    <subfield code="o">C6534</subfield>
    <subfield code="r">2013-10-25 00:00:00</subfield>
    <subfield code="w">2013-10-25</subfield>
    <subfield code="y">CD</subfield>
    <subfield code="z">Progr. Ins.: 1399 / N.Vol.: 1 / Copie: 1 - Copia rara: n.d. / date import: 01.01.2014 - By Epidotti, Trombetti, Vaglietti</subfield>
  </datafield>
</record>
